000 00825nam a2200241Ia 4500
003 OSt
005 20220923220816.0
006 a|||||r|||| 00| 0
007 ta
008 220922b |||||||| |||| 00| 0 hin d
024 _a190,693
037 _cTextual
040 _aARTS
_cARTS
_bhin
041 _2hin
_ahin
082 _aR6,3, 152K6
100 _aगोविन्द दास; शर्मा, ओम प्रकाश
_9164643
245 0 _aअणु और अनन्त
246 _aAṇu aur ananta
260 _aदिल्ली
_b राष्ट्रीय साहित्य संस्थान
_c1966
300 _a136पृ.
_ccm.
942 _hR6,3, 152K6
_cTEXL
_2CC
999 _c343465
_d343465